000 00323nam a22001457a 4500
008 230913b ||||| |||| 00| 0 eng d
020 _a3540506993
041 _aeng
080 _a521
082 _a521MIT
100 _a19
101 _aASTRO
245 _aPARTICLE PHYSICS AND ASTROPHYSICS
_cMITTER.H
942 _2udc
_cBK
999 _c60373
_d60373